Statistiques concernant Club Champion de France 2022-2023

Cliquez ici pour prendre le quiz!

Statistiques générales

  • Ce quiz a été pris 31 fois
  • Le résultat moyen est 10 sur 32

Statistiques - réponses

SportGenreClub% Correct
FootballHommeParis Saint Germain
93%
HandballHommeParis Saint Germain
93%
RugbyHommeStade Toulousain
86%
BasketFemmeLDLC ASVEL
82%
FootballFemmeOlympique Lyonnais
82%
Water-PoloFemmeLille Métropole Water-Polo
79%
Water-PoloHommeCN Marseille
71%
Beach SoccerHommeUSC Minots de Marseille
71%
BasketHommeAS Monaco
64%
BaseballHommeMontpellier Barracudas
61%
Escrime SabreFemmeStrasbourg UC
54%
Hockey sur GlaceHommeDragons de Rouen
46%
HandballFemmeMetz Handball
39%
Volley-ballHommeTours VB
36%
Escrime SabreHommeCE Orléans
21%
FutsalHommeEtoile Lavalloise
18%
Rugby XIIIHommeXIII Limouxin
7%
RugbyFemmeCA Brive
4%
Hockey SubaquatiqueHommeCHS Pontoise Cergy
4%
Escrime ÉpéeFemmeLevallois SC
4%
Volley-ballFemmeVolero Le Cannet
4%
BadmintonHommeBC Chambly Oise
0%
Football AméricainHommeBlack Panthers de Thonon
0%
Escrime FleuretFemmeBLR 92
0%
Hockey sur GazonHommeCA Montrouge
0%
Escrime FleuretHommeCE Melun Val de Seine
0%
Kayak PoloHommeCorbeil Essonnes
0%
CricketHommeDreux CC
0%
Escrime ÉpéeHommeEscrime Saint-Gratien
0%
MotoballHommeMBC Carpentras
0%
CurlingHommeMegève
0%
CurlingFemmeMegève
0%

Distribution des résultats

Percentile par nombre de réponses

% des personnes avec chaque résultat

Votre développement - résultats

Vous n’avez pas pris ce quiz